<?xml version="1.0" encoding="UTF-8"?>
<record
    xmlns:xsi="http://www.w3.org/2001/XMLSchema-instance"
    xsi:schemaLocation="http://www.loc.gov/MARC21/slim http://www.loc.gov/standards/marcxml/schema/MARC21slim.xsd"
    xmlns="http://www.loc.gov/MARC21/slim">

  <leader>02963nam a2200349 a 4500</leader>
  <controlfield tag="001">000025282</controlfield>
  <controlfield tag="003">DO-SdBNP</controlfield>
  <controlfield tag="005">20240409122244.0</controlfield>
  <controlfield tag="007">ta</controlfield>
  <controlfield tag="008">110214s1984    dr ac         000 0 spa d</controlfield>
  <datafield tag="040" ind1=" " ind2=" ">
    <subfield code="a">DO-SdBNP</subfield>
    <subfield code="b">spa</subfield>
    <subfield code="c">BNPHU</subfield>
  </datafield>
  <datafield tag="082" ind1=" " ind2=" ">
    <subfield code="a">972.93</subfield>
    <subfield code="b">V768m, 1984</subfield>
    <subfield code="2">22</subfield>
  </datafield>
  <datafield tag="100" ind1="1" ind2=" ">
    <subfield code="a">Vincent Cepeda, Altagracia</subfield>
    <subfield code="9">43279</subfield>
  </datafield>
  <datafield tag="245" ind1="1" ind2="0">
    <subfield code="a">Manual de historia de am&#xE9;rica :</subfield>
    <subfield code="b">(desarrollo conforme al programa del primer te&#xF3;rico de la Rep&#xFA;blica Dominicana) /</subfield>
    <subfield code="c">Altagracia Vincent Cepeda.</subfield>
  </datafield>
  <datafield tag="250" ind1=" " ind2=" ">
    <subfield code="a">13va ed. corr. y amp.</subfield>
  </datafield>
  <datafield tag="260" ind1=" " ind2=" ">
    <subfield code="a">Santo Domingo :</subfield>
    <subfield code="f">Amigo del Hogar,</subfield>
    <subfield code="c">[1984?].</subfield>
  </datafield>
  <datafield tag="300" ind1=" " ind2=" ">
    <subfield code="a">248 p. :</subfield>
    <subfield code="b">il., retr. ;</subfield>
    <subfield code="c">24 cm.</subfield>
  </datafield>
  <datafield tag="500" ind1=" " ind2=" ">
    <subfield code="a">Incluye bibliograf&#xED;a, pg. 344</subfield>
  </datafield>
  <datafield tag="505" ind1="1" ind2=" ">
    <subfield code="a">Cap. I : </subfield>
    <subfield code="t">Objetivo y divisi&#xF3;n de la historia de Am&#xE9;rica. diversas teor&#xED;as acerca del origen del hombre americano. cuadro general de los principales pueblos ind&#xED;genas antes del descubrimiento, y su distribuci&#xF3;n geogr&#xE1;fica. los viajes colombinos de los normandos a Am&#xE9;rica del Norte.-</subfield>
  </datafield>
  <datafield tag="505" ind1="1" ind2=" ">
    <subfield code="a">Cap. II :</subfield>
    <subfield code="t">La civilizaci&#xF3;n de los pueblos ind&#xED;genas de M&#xE9;xico. toltecas y chichimecas. los aztecas: organizaci&#xF3;n pol&#xED;tica y social, y r&#xE9;gimen econ&#xF3;mico. Arte, cultura y ciencias y religi&#xF3;n. restos de esta civilizaci&#xF3;n. los mayas: su civilizaci&#xF3;n. las ruinas mayas.-</subfield>
  </datafield>
  <datafield tag="505" ind1="1" ind2=" ">
    <subfield code="a">Cap. III :</subfield>
    <subfield code="t">El imperio incaico. origen de este pueblos. organizaci&#xF3;n social, pol&#xED;tica y econ&#xF3;mica. el r&#xE9;gimen agrario incaico. arte, religi&#xF3;n, cultura y c&#xED;vica. las ruinas incaicas. los chibchas de Colombia: su civilizaci&#xF3;n. breve noticia hist&#xF3;rico-geogr&#xE1;fica de los otros pueblos ind&#xED;genas de Am&#xE9;rica precolombina.</subfield>
  </datafield>
  <datafield tag="505" ind1="1" ind2=" ">
    <subfield code="a">Cap. IV :</subfield>
    <subfield code="t">El descubrimiento de Am&#xE9;rica. estado de los descubrimientos geogr&#xE1;ficos en la &#xE9;poca. los viajes de los portugueses. Crist&#xF3;bal Colon: su vida hasta el descubrimiento. los reyes cat&#xF3;licos y Col&#xF3;n. las capitulaciones de Santa Fe.  primer viaje: consecuencias. segundo viaje. tercero y cuarto viajes de Col&#xF3;n. col&#xF3;n y Am&#xE9;rico Vespucio; el nombre de Am&#xE9;rica. muerte de Col&#xF3;n y lugar donde se hallan sus restos. la isla espa&#xF1;ola centro del descubrimiento y conquista de Am&#xE9;rica.</subfield>
  </datafield>
  <datafield tag="505" ind1="1" ind2=" ">
    <subfield code="a">Cap. V :</subfield>
    <subfield code="t">las bulas de Alejandro VI, la l&#xED;nea de demarcaci&#xF3;n y el tratado de Tordecillas. la junta de Burgos y la escuela N&#xE1;utica de Sevilla. los viajes menores: Ojeda,  Alonso Ni&#xF1;o, Bastidas, Juan de la Cosa y Diego de Lepe. Vicente Y&#xE1;&#xF1;ez Pinz&#xF3;n y el r&#xED;o amazonas. D&#xED;az de Sol&#xED;s y el r&#xED;o de la Plata. Hernando de Soto y el Mississipi.</subfield>
  </datafield>
  <datafield tag="505" ind1="1" ind2=" ">
    <subfield code="a">Cap. VI :</subfield>
    <subfield code="t">Vasco N&#xFA;&#xF1;ez de Balboa y el descubrimiento del Mar del Sur</subfield>
  </datafield>
  <datafield tag="590" ind1=" " ind2=" ">
    <subfield code="a">Inventariado, 2021 / DG</subfield>
  </datafield>
  <datafield tag="651" ind1=" " ind2="4">
    <subfield code="a">Rep&#xFA;blica Dominicana</subfield>
    <subfield code="y">&#xC9;POCA PREHISP&#xC1;NICA, 1942-</subfield>
    <subfield code="9">51801</subfield>
  </datafield>
  <datafield tag="651" ind1=" " ind2="4">
    <subfield code="a">Am&#xE9;rica</subfield>
    <subfield code="y">DESCUBRIMIENTO Y CONQUISTA</subfield>
    <subfield code="9">51802</subfield>
  </datafield>
  <datafield tag="651" ind1=" " ind2="0">
    <subfield code="a">Rep&#xFA;blica Dominicana --</subfield>
    <subfield code="x">Historia --</subfield>
    <subfield code="y">Colonia, 1503-1844</subfield>
    <subfield code="9">11397</subfield>
  </datafield>
  <datafield tag="651" ind1=" " ind2="4">
    <subfield code="a">Rep&#xFA;blica Dominicana</subfield>
    <subfield code="x">Historia</subfield>
    <subfield code="y">1844-</subfield>
    <subfield code="9">2805</subfield>
  </datafield>
  <datafield tag="910" ind1=" " ind2=" ">
    <subfield code="a">Inventariado, 2021 / DG</subfield>
  </datafield>
  <datafield tag="942" ind1=" " ind2=" ">
    <subfield code="2">ddc</subfield>
    <subfield code="c">LBS1</subfield>
  </datafield>
  <datafield tag="952" ind1=" " ind2=" ">
    <subfield code="0">0</subfield>
    <subfield code="1">0</subfield>
    <subfield code="7">1</subfield>
    <subfield code="8">PD</subfield>
    <subfield code="a">PD</subfield>
    <subfield code="b">PD</subfield>
    <subfield code="c">CT</subfield>
    <subfield code="d">2011-02-14</subfield>
    <subfield code="i">LF1</subfield>
    <subfield code="l">0</subfield>
    <subfield code="o">972.93 V768m, 1984</subfield>
    <subfield code="p">25282-10</subfield>
    <subfield code="r">2020-06-25</subfield>
    <subfield code="w">2020-06-25</subfield>
    <subfield code="y">LFPD</subfield>
    <subfield code="Z">No se presta</subfield>
  </datafield>
  <datafield tag="952" ind1=" " ind2=" ">
    <subfield code="0">0</subfield>
    <subfield code="1">0</subfield>
    <subfield code="2">ddc</subfield>
    <subfield code="7">2</subfield>
    <subfield code="8">MO</subfield>
    <subfield code="a">BNPHU</subfield>
    <subfield code="b">BNPHU</subfield>
    <subfield code="c">CT</subfield>
    <subfield code="e">Donado por la Familia Reyes Dulud</subfield>
    <subfield code="l">0</subfield>
    <subfield code="o">972.93 V768m, 1984</subfield>
    <subfield code="r">2021-01-15</subfield>
    <subfield code="t">e. 2</subfield>
    <subfield code="w">2021-01-15</subfield>
    <subfield code="y">LBS1</subfield>
  </datafield>
  <datafield tag="952" ind1=" " ind2=" ">
    <subfield code="0">0</subfield>
    <subfield code="1">0</subfield>
    <subfield code="2">ddc</subfield>
    <subfield code="7">0</subfield>
    <subfield code="8">MO</subfield>
    <subfield code="a">BNPHU</subfield>
    <subfield code="b">BNPHU</subfield>
    <subfield code="c">CT</subfield>
    <subfield code="e">Donado por la Familia Reyes Dulud</subfield>
    <subfield code="l">0</subfield>
    <subfield code="o">972.93 V768m, 1984</subfield>
    <subfield code="r">2021-01-15</subfield>
    <subfield code="t">e.3</subfield>
    <subfield code="w">2021-01-15</subfield>
    <subfield code="y">LBS1</subfield>
  </datafield>
  <datafield tag="952" ind1=" " ind2=" ">
    <subfield code="0">0</subfield>
    <subfield code="1">0</subfield>
    <subfield code="2">ddc</subfield>
    <subfield code="5">6</subfield>
    <subfield code="7">0</subfield>
    <subfield code="8">DS</subfield>
    <subfield code="a">BNPHU</subfield>
    <subfield code="b">BNPHU</subfield>
    <subfield code="c">CT</subfield>
    <subfield code="d">2023-02-03</subfield>
    <subfield code="l">0</subfield>
    <subfield code="o">BNPHU DS 972.93 V768m, 1984</subfield>
    <subfield code="p">2023-0602</subfield>
    <subfield code="r">2023-02-03</subfield>
    <subfield code="t">e.4</subfield>
    <subfield code="w">2023-02-03</subfield>
    <subfield code="y">LBS1</subfield>
  </datafield>
  <datafield tag="999" ind1=" " ind2=" ">
    <subfield code="c">24775</subfield>
    <subfield code="d">24775</subfield>
  </datafield>
</record>
